<?xml version="1.0" encoding="UTF-8"?><?xml-stylesheet type="text/xsl" href="static/style.xsl"?><OAI-PMH xmlns="http://www.openarchives.org/OAI/2.0/" xmlns:xsi="http://www.w3.org/2001/XMLSchema-instance" xsi:schemaLocation="http://www.openarchives.org/OAI/2.0/ http://www.openarchives.org/OAI/2.0/OAI-PMH.xsd"><responseDate>2026-04-17T04:19:25Z</responseDate><request verb="GetRecord" identifier="oai:www.recercat.cat:2117/333718" metadataPrefix="marc">https://recercat.cat/oai/request</request><GetRecord><record><header><identifier>oai:recercat.cat:2117/333718</identifier><datestamp>2025-07-22T21:12:29Z</datestamp><setSpec>com_2072_1033</setSpec><setSpec>col_2072_452951</setSpec></header><metadata><record xmlns="http://www.loc.gov/MARC21/slim" xmlns:dcterms="http://purl.org/dc/terms/" xmlns:xsi="http://www.w3.org/2001/XMLSchema-instance" xmlns:doc="http://www.lyncode.com/xoai" xsi:schemaLocation="http://www.loc.gov/MARC21/slim http://www.loc.gov/standards/marcxml/schema/MARC21slim.xsd">
   <leader>00925njm 22002777a 4500</leader>
   <datafield ind2=" " ind1=" " tag="042">
      <subfield code="a">dc</subfield>
   </datafield>
   <datafield ind2=" " ind1=" " tag="720">
      <subfield code="a">Albiol Perarnau, Pau</subfield>
      <subfield code="e">author</subfield>
   </datafield>
   <datafield ind2=" " ind1=" " tag="260">
      <subfield code="c">2020-07-09</subfield>
   </datafield>
   <datafield ind2=" " ind1=" " tag="520">
      <subfield code="a">Aquest Treball de Final de Grau s’ha dut a terme al Departament d’Enginyeria Electrònica (ETSEIB) al grup de recerca QinE (Quality in Electronics). Basant-se en un treball anterior, s’ha&#xd;
implementat una contramesura front a un atac per Anàlisis de Consum Diferencial (conegut&#xd;
també com a Differential Power Analysis o DPA) en l’algorisme de xifrat AES. Un DPA és un&#xd;
tipus d’Atac de Canal Lateral (Side Channel Attack o SCA) que s’aprofita de fuites d’informació&#xd;
dels dispositius electrònics per tal d’obtenir paràmetres secrets involucrats en el xifrat de dades.&#xd;
La contramesura que es planteja, s’implementa i es verifica en el present treball es fonamenta en&#xd;
canviar de manera pseudoaleatòria la clau de 128 bits després de realitzar cada xifrat mitjançant&#xd;
codis circulars (rolling code) basats en un LFSR en configuració de Galois.&#xd;
En la primera part del treball (apartats 1 a 3), s’explica l’origen del projecte, els seus objectius i&#xd;
l’estat de l’art, el qual cobreix els conceptes clau de la criptografia i criptoanàlisi.&#xd;
La segona part (apartat 4), es descriu el funcionament de l’AES, el banc experimental, l’atac per&#xd;
DPA pas a pas i els resultats de dit atac amb les mostres obtingudes en el Treball de Final de&#xd;
Grau anterior. Aquestes mostres han servit per a comprovar que els algorismes desenvolupats&#xd;
en el present treball funcionen correctament.&#xd;
Es continua amb els resultats experimentals i la implementació de la contramesura (apartat 5).&#xd;
En aquest apartat es mostren els resultats de realitzar l’atac de nou sense i amb contramesura&#xd;
implementada, la qual es basa en una clau de xifrat amb rolling code. D’aquesta manera es pot&#xd;
validar que la contramesura funciona satisfactòriament .&#xd;
En la darrera part del treball (apartat 6 a 9), s’exposa la planificació temporal del projecte, l’impacte ambiental, el cost del projecte i les conclusions.&#xd;
Al final del document s’hi troben els Annexos. Aquests consten dels diferents esquemàtics i&#xd;
scripts utilitzats al llarg del treball així com també una petita descripció de la seva funció.</subfield>
   </datafield>
   <datafield tag="653" ind2=" " ind1=" ">
      <subfield code="a">Àrees temàtiques de la UPC::Enginyeria electrònica</subfield>
   </datafield>
   <datafield tag="653" ind2=" " ind1=" ">
      <subfield code="a">Algorithms</subfield>
   </datafield>
   <datafield tag="653" ind2=" " ind1=" ">
      <subfield code="a">Data encryption (Computer science)</subfield>
   </datafield>
   <datafield tag="653" ind2=" " ind1=" ">
      <subfield code="a">Algorismes</subfield>
   </datafield>
   <datafield tag="653" ind2=" " ind1=" ">
      <subfield code="a">Xifratge (Informàtica)</subfield>
   </datafield>
   <datafield ind2="0" ind1="0" tag="245">
      <subfield code="a">Implementació d’una contramesura basada en codis circulars front a anàlisis de consum diferencial en l’algorisme de xifrat AES</subfield>
   </datafield>
</record></metadata></record></GetRecord></OAI-PMH>